The cooking of vienna's Empire/ (Record no. 4542)

MARC details
000 -LEADER
fixed length control field 00661nam a22002057a 4500
003 - CONTROL NUMBER IDENTIFIER
control field OSt
005 - DATE AND TIME OF LATEST TRANSACTION
control field 20250929062728.0
008 - FIXED-LENGTH DATA ELEMENTS--GENERAL INFORMATION
fixed length control field 250929b |||||||| |||| 00| 0 eng d
040 ## - CATALOGING SOURCE
Original cataloging agency DWCL-Main lib
Transcribing agency OC
082 ## - DEWEY DECIMAL CLASSIFICATION NUMBER
Classification number Circ. 641.5943 W386c 1968
100 ## - MAIN ENTRY--PERSONAL NAME
Personal name Wechsberg, Joseph
245 ## - TITLE STATEMENT
Title The cooking of vienna's Empire/
Statement of responsibility, etc. Joseph Wechsberg
260 ## - PUBLICATION, DISTRIBUTION, ETC.
Place of publication, distribution, etc. Canada:
Name of publisher, distributor, etc. Time Inc.,
Date of publication, distribution, etc. c1968
300 ## - PHYSICAL DESCRIPTION
Extent 206 pages:
Other physical details color illustration;
Dimensions Description 206 pages: color illustration;
504 ## - BIBLIOGRAPHY, ETC. NOTE
Bibliography, etc. note Includes glossary and Index
650 ## - SUBJECT ADDED ENTRY--TOPICAL TERM
Topical term or geographic name entry element 1. Cooking Australian
650 ## - SUBJECT ADDED ENTRY--TOPICAL TERM
Topical term or geographic name entry element 2. Cooking Hungarian
650 ## - SUBJECT ADDED ENTRY--TOPICAL TERM
Topical term or geographic name entry element 3. Cooking, Czech
942 ## - ADDED ENTRY ELEMENTS (KOHA)
Source of classification or shelving scheme Dewey Decimal Classification
Koha item type Book Circulation
Call number prefix Circ.
Suppress in OPAC No
952 ## - LOCATION AND ITEM INFORMATION (KOHA)
--
Holdings
Withdrawn status Lost status Source of classification or shelving scheme Damaged status Not for loan Home library Current library Shelving location Date acquired Source of acquisition Total Checkouts Full call number Barcode Date last seen Copy number Price effective from Koha item type Uniform Resource Identifier
    Dewey Decimal Classification     HM & Nursing Library HM & Nursing Library Circulation 03/31/2022 Donation   Circ. 641.5943 W386c 1968 53273 09/29/2025 c1 09/29/2025 BK-CIRC